01240nam a2200313 a 4500001001200000003000800012006001900020007001500039008004100054020001800095020001800113020001500131040002100146035002100167043001200188050002500200100002300225245013000248260004200378300002400420504004100444533015200485651004500637651005500682655002900737710001700766856012600783999001700909ebr10302717CaPaEBRm u cr cn|||||||||091013s2005 ne a sb 000 0 eng d z9789056294083 z9789048504640 z9056294083 aCaPaEBRcCaPaEBR a(OCoLC)311317341 ae------14aHN373.5b.S34 2005eb1 aScheuer, Angelika.10aHow Europeans see Europeh[electronic resource] :bstructure and dynamics of European legitimacy beliefs /cAngelika Scheuer. aAmsterdam :bVossiuspers UvA,cc2005. axii, 211 p. :bill. aIncludes bibliographical references. aElectronic reproduction.bPalo Alto, Calif. :cebrary,d2013.nAvailable via World Wide Web.nAccess may be limited to ebrary affiliated libraries. 0aEuropean Union countriesxSocial policy. 0aEuropean Union countriesxPolitics and government. 7aElectronic books.2local2 aebrary, Inc.40uhttp://site.ebrary.com/lib/rucke/Doc?id=10302717zAn electronic book accessible through the World Wide Web; click to view c68455d68455